愛默生家的惡客
| 資料類型: | 圖書 | 書目號: | 47150 |
Leader xxxxxxxxxx 005 __ 20140410104401 010 0_ |a9789865933227|b平裝|dNT$230 100 __ |a20140616d2012 m y0chiy50 e 101 0_ |achi 102 __ |atw 105 __ |aa z 000cy 200 1_ |a愛默生家的惡客|f木心著 205 __ |a初版 210 __ |a新北市中和區|cINK印刻文學|d2012[民101] 215 0_ |a255面|c圖|d19公分 225 12 |a木心作品集 300 __ |a附錄:誅梟記 681 __ |a855|b4033|v2007年版 700 _0 |a木心|4著 806 __ |aL30|u20140107|xFour corners|831355007033039 681 __ |a855|b872 801 _0 |atw|b內湖高中|c20140616|gCCR |